Truth about Talent (Record no. 33671)

MARC details
000 -LEADER
fixed length control field 00524nam a22001817a 4500
005 - DATE AND TIME OF LATEST TRANSACTION
control field 20230921193255.0
008 - FIXED-LENGTH DATA ELEMENTS--GENERAL INFORMATION
fixed length control field 230921b |||||||| |||| 00| 0 eng d
020 ## - INTERNATIONAL STANDARD BOOK NUMBER
ISBN 9780470748824
082 ## - DEWEY DECIMAL CLASSIFICATION NUMBER
Classification number 658.314
Item number DAV-T
100 ## - MAIN ENTRY--AUTHOR
Author Name Davies,Jacqueline
245 ## - TITLE STATEMENT
Title Truth about Talent
Remainder of title A Guide to Building a Dynamic workforce, realizing potential and helping leaders succeed
260 ## - PUBLICATION, DISTRIBUTION, ETC.
Place of Publication USA
Name of publisher, distributor, etc. John&Wiley
Date of publication, distribution, etc. 2010
300 ## - PHYSICAL DESCRIPTION
Pages 259
500 ## - GENERAL NOTE
General note Include Index
650 ## - SUBJECT ADDED ENTRY--TOPICAL TERM
Subject / Department Management
700 ## - ADDED ENTRY--PERSONAL NAME
Personal name Jacqueline Davis
952 ## - LOCATION AND ITEM INFORMATION (KOHA)
-- 0
-- 0
Holdings
Lost status Damaged status Permanent Location Current Location Shelving Location Date acquired Full Call Number Accession No./Barcode Date last seen item type
    Superior Information Resource Center (SIRC) Superior University- Main Campus Superior Information Resource Center (SIRC) Superior University- Main Campus Management 09/21/2023 658.314 DAV-T 2010 20575 09/21/2023 BOOK

Powered by Koha